| 000 | 00660nam a22002057a 4500 | ||
|---|---|---|---|
| 003 | OSt | ||
| 005 | 20170518104126.0 | ||
| 008 | 170329b xxu||||| |||| 00| 0 eng d | ||
| 020 | _a0306447037 | ||
| 040 |
_aMMU _cMMU _dMMU _beng |
||
| 050 | 0 | 0 | _aSF996.4 .W63 2007 |
| 100 | 1 | _aWobeser, Gary A. | |
| 245 | 1 | 0 |
_aInvestigation and management of disease in wild animals / _cGary A. Wobeser. |
| 260 |
_aNew York : _bPlenum Press, _cc1994. |
||
| 300 |
_avi, 265 p. : _bill., map ; _c26 cm. |
||
| 440 | 4 | _aThe Language of science | |
| 504 | _aIncludes bibliographical references (p. 239-260) and index. | ||
| 650 | 0 | _aWildlife diseases. | |
| 942 |
_2lcc _cLOAN LOAN |
||
| 999 |
_c26374 _d26374 |
||